[Event "34.Festival - Magistrale"]
[Site "Robecchetto con Induno ITA"]
[Date "2022.12.28"]
[Round "5.5"]
[White "Elitropi, Giorgio"]
[Black "Lazic, Miroljub"]
[Result "0-1"]
[WhiteElo "1924"]
[BlackElo "2320"]
[PlyCount "84"]
[EventDate "2022.12.26"]

1. e4 e5 2. f4 exf4 3. Nf3 d5 4. exd5 Nf6 5. Bb5+ c6 6. dxc6 Nxc6 7. d4 Bd6 8.
O-O O-O 9. Nbd2 Bg4 10. c3 Nd5 11. Bxc6 Ne3 12. Qb3 Nxf1 13. Be4 Nxd2 14. Bxd2
Rb8 15. Rf1 b6 16. Qc2 h6 17. Qc1 Qf6 18. Ne5 Bxe5 19. dxe5 Qxe5 20. Rxf4 Be6
21. Bb1 Rbd8 22. Re4 Qh5 23. Qe1 Rfe8 24. Re5 Qg4 25. h3 Qc4 26. Be3 Bc8 27.
Bd4 Rxe5 28. Qxe5 f6 29. Qe7 Qd5 30. Bg6 Qd7 31. Qe3 Bb7 32. Qg3 Qd6 33. Qf2
Qe6 34. Qg3 Qd6 35. Qf2 Bd5 36. b3 Rd7 37. Bd3 Kf8 38. Bf5 Rd8 39. Bg6 Qe7 40.
Qg3 Be4 41. Kh2 Bxg6 42. Qxg6 Qd6+ 0-1

[Event "34.Festival - Magistrale"]
[Site "Robecchetto con Induno ITA"]
[Date "2022.12.28"]
[Round "5.6"]
[White "Maglioni, Leonardo"]
[Black "Covello, Danilo"]
[Result "1-0"]
[WhiteElo "1883"]
[BlackElo "2073"]
[PlyCount "63"]
[EventDate "2022.12.26"]

1. e4 c6 2. d4 d5 3. e5 Bf5 4. Nc3 Qb6 5. Nf3 e6 6. Be2 Nd7 7. O-O Ne7 8. a4
Bg6 9. a5 Qc7 10. b4 f6 11. Bf4 Nc8 12. Rb1 Bh5 13. Re1 Bxf3 14. Bxf3 f5 15. g4
Ne7 16. Ne2 Rg8 17. gxf5 Nxf5 18. Ng3 Nxg3 19. fxg3 Be7 20. Qd3 Nf8 21. c4 Qd7
22. b5 g5 23. Be3 Kf7 24. a6 Kg7 25. axb7 Qxb7 26. bxc6 Qxc6 27. cxd5 exd5 28.
Rec1 Qe6 29. Rc7 Kh8 30. Rbb7 Ng6 31. Bxg5 Rae8 32. Bf6+ 1-0

[Event "34.Festival - Magistrale"]
[Site "Robecchetto con Induno ITA"]
[Date "2022.12.28"]
[Round "5.7"]
[White "Valtemara, Mattia Angelo"]
[Black "Zacco, Remo"]
[Result "1-0"]
[WhiteElo "2018"]
[BlackElo "1889"]
[PlyCount "119"]
[EventDate "2022.12.26"]

1. e4 e5 2. Nf3 Nc6 3. Bc4 Nf6 4. d3 Bc5 5. Nbd2 d6 6. c3 a6 7. Bb3 O-O 8. O-O
Ba7 9. h3 Na5 10. Bc2 c5 11. Re1 Nc6 12. Nf1 h6 13. Ng3 Nh7 14. Qe2 Be6 15. Nh2
Ne7 16. Ng4 f5 17. exf5 Nxf5 18. Nxf5 Bxf5 19. Bb3+ Kh8 20. Ne3 Bd7 21. Bd5 Rb8
22. c4 Bb6 23. Bd2 Qh4 24. Nf1 Nf6 25. Bf3 Bc6 26. Bxc6 bxc6 27. Ng3 g6 28. b3
Bc7 29. Bc3 Rbe8 30. Rf1 d5 31. Rae1 Kh7 32. Qc2 Nh5 33. Nxh5 Qxh5 34. Qe2 Qh4
35. Qg4 Qd8 36. Bd2 Rf5 37. Be3 e4 38. cxd5 cxd5 39. d4 cxd4 40. Bxd4 Qd6 41.
g3 Ref8 42. Rc1 R8f7 43. Rc2 h5 44. Qe2 Rf3 45. Rfc1 h4 46. Rc6 Qd8 47. g4 a5
48. Kg2 Rd7 49. Qa6 Rd6 50. Rxc7+ Kh6 51. Qc8 Qxc8 52. Rxc8 Kg5 53. R1c6 Rd7
54. Be3+ Rxe3 55. fxe3 d4 56. Rc5+ Kh6 57. g5+ Kg7 58. exd4 Kf7 59. R8c7 Rxc7
60. Rxc7+ 1-0

[Event "34.Festival - Magistrale"]
[Site "Robecchetto con Induno ITA"]
[Date "2022.12.28"]
[Round "5.8"]
[White "Fassio, Luca"]
[Black "Ranfagni, Stefano"]
[Result "1-0"]
[WhiteElo "2010"]
[BlackElo "1934"]
[PlyCount "127"]
[EventDate "2022.12.26"]

1. e4 e6 2. d4 d5 3. Nd2 Nf6 4. e5 Nfd7 5. Bd3 c5 6. c3 Nc6 7. Ne2 cxd4 8. cxd4
f6 9. exf6 Nxf6 10. Nf3 Bd6 11. O-O O-O 12. Bg5 Qc7 13. Bh4 Nh5 14. Bg3 Nxg3
15. hxg3 Qe7 16. Qc2 g6 17. a3 Bd7 18. Qd2 e5 19. dxe5 Nxe5 20. Nxe5 Bxe5 21.
Rad1 Bc6 22. b4 a6 23. Bb1 Rad8 24. Ba2 Kh8 25. Nd4 Qf6 26. Bb3 Bxd4 27. Qxd4
Bb5 28. Rfe1 Qxd4 29. Rxd4 Bc6 30. f4 Rfe8 31. Rxe8+ Rxe8 32. Kf2 Kg7 33. Kf3
Kf6 34. g4 Ke6 35. Re4+ Kd6 36. Rxe8 Bxe8 37. Ke3 g5 38. g3 Bd7 39. fxg5 Ke5
40. Bc2 d4+ 41. Kd2 b6 42. Bxh7 a5 43. Bf5 Bb5 44. g6 Kf6 45. Bd3 Bd7 46. Bf5
Bb5 47. bxa5 bxa5 48. Kc2 Bc4 49. Kd2 Bb5 50. Ke1 Be8 51. Ke2 Bb5+ 52. Kf3 Bc6+
53. Kf4 Bb5 54. g5+ Kg7 55. Ke4 d3 56. Ke3 a4 57. Bxd3 Bxd3 58. Kxd3 Kxg6 59.
Kc3 Kxg5 60. Kb4 Kg4 61. Kxa4 Kxg3 62. Kb5 Kf4 63. a4 Ke5 64. Kc5 1-0

[Event "34.Festival - Magistrale"]
[Site "Robecchetto con Induno ITA"]
[Date "2022.12.28"]
[Round "5.9"]
[White "Di, Chiara Mauro "]
[WhiteFideId "825034"]
[Black "Zanetti, Alberto "]
[BlackFideId "813508"]
[Result "1/2-1/2"]
[WhiteElo "1874"]
[BlackElo "1938"]
[PlyCount "78"]
[EventDate "2022.12.26"]

1. Nf3 f5 2. d4 Nf6 3. c4 e6 4. g3 Bb4+ 5. Bd2 Bxd2+ 6. Qxd2 b6 7. Bg2 Bb7 8.
O-O O-O 9. Nc3 Ne4 10. Qc2 Nxc3 11. Qxc3 Qf6 12. Rad1 d6 13. b4 a5 14. b5 Nd7
15. Qd2 Rad8 16. Qg5 h6 17. Qxf6 Rxf6 18. Nd2 Bxg2 19. Kxg2 e5 20. e3 Re8 21.
Rfe1 Rfe6 22. Nf3 e4 23. Nd2 g5 24. Nb1 Nf6 25. Nc3 R6e7 26. Rc1 f4 27. h3 f3+
28. Kh2 g4 29. h4 Rd8 30. Rc2 Red7 31. Rec1 Kf7 32. Nd5 Re8 33. Nf4 h5 34. Kg1
Rc8 35. a4 c5 36. Rd2 Rcd8 37. Rcd1 Ke7 38. dxc5 dxc5 39. Rxd7+ Rxd7 1/2-1/2

[Event "34.Festival - Magistrale"]
[Site "Robecchetto con Induno ITA"]
[Date "2022.12.28"]
[Round "5.10"]
[White "Volpi, Davide"]
[Black "Ambrosini, Andrea"]
[Result "1-0"]
[WhiteElo "1941"]
[BlackElo "1827"]
[PlyCount "73"]
[EventDate "2022.12.26"]

1. Nf3 Nf6 2. g3 d5 3. c4 e6 4. Bg2 c6 5. O-O Nbd7 6. b3 g6 7. Ba3 Bg7 8. d4 c5
9. dxc5 Ne4 10. Nbd2 Nxd2 11. Nxd2 Qa5 12. Qc1 Bxa1 13. Qxa1 O-O 14. Qc1 Re8
15. cxd5 exd5 16. Bxd5 Nf6 17. Nc4 Qd8 18. Bf3 Ne4 19. Nd6 Nxd6 20. cxd6 Bh3
21. Rd1 Qd7 22. Bb2 Rf8 23. Bf6 Qe6 24. Qb2 Rad8 25. Bh8 f6 26. Bd5 Kxh8 27.
Bxe6 Bxe6 28. Qd4 a6 29. e4 Rd7 30. e5 Kg7 31. Rc1 f5 32. Rc7 Rff7 33. Rxd7
Rxd7 34. Qh4 Rf7 35. Qd8 h6 36. f4 Kh7 37. Qe8 1-0

[Event "34.Festival - Magistrale"]
[Site "Robecchetto con Induno ITA"]
[Date "2022.12.28"]
[Round "5.11"]
[White "Treccozzi, Riccardo"]
[Black "Barlocco, Carlo"]
[Result "0-1"]
[WhiteElo "1873"]
[BlackElo "1888"]
[PlyCount "142"]
[EventDate "2022.12.26"]

1. d4 Nf6 2. Bf4 c5 3. e3 e6 4. Nf3 Be7 5. Nbd2 O-O 6. c3 Nc6 7. Bd3 b6 8. h3
Bb7 9. O-O Nd5 10. Bh2 f5 11. c4 Ndb4 12. Be2 cxd4 13. exd4 Bf6 14. a3 Na6 15.
Nb3 d6 16. Qc2 g6 17. Rad1 Qe7 18. Rfe1 e5 19. d5 Ncb8 20. Bf1 Qc7 21. Qc1 Qd8
22. Qe3 Nd7 23. Nfd2 Nac5 24. Nxc5 bxc5 25. b4 a5 26. Rb1 axb4 27. axb4 Qc7 28.
bxc5 Nxc5 29. Nb3 Ra3 30. Qc3 Rfa8 31. Qc2 Bc8 32. Nxc5 Qxc5 33. Rb5 Qa7 34. c5
Ba6 35. Rbb1 Bxf1 36. Kxf1 Ra2 37. Qc4 Rc8 38. Rb5 Ra4 39. Qb3 Ra3 40. Qb2 Ra2
41. Qb3 Be7 42. Kg1 Bf8 43. Rf1 Ra3 44. Qc4 Rxc5 45. Rxc5 Qxc5 46. Qxc5 dxc5
47. Bxe5 Rd3 48. Rb1 Rxd5 49. f4 Bd6 50. Bxd6 Rxd6 51. Rb8+ Kf7 52. Rc8 Rd5 53.
Kf2 Ke6 54. Ke3 Kd7 55. Ra8 Kc6 56. Rb8 c4 57. Rc8+ Kb5 58. Rb8+ Kc5 59. Rc8+
Kb4 60. Rb8+ Kc3 61. Rb7 Kc2 62. Rb8 c3 63. Rb7 Kc1 64. Rb8 c2 65. Ke2 Rd2+ 66.
Ke1 Rd7 67. g4 Re7+ 68. Kf2 Re4 69. gxf5 gxf5 70. Rb7 Kd2 71. Rd7+ Kc3 0-1

[Event "34.Festival - Magistrale"]
[Site "Robecchetto con Induno ITA"]
[Date "2022.12.29"]
[Round "6.1"]
[White "Mrdja, Milan"]
[Black "Pegno, Mattia"]
[Result "1-0"]
[WhiteElo "2146"]
[BlackElo "2178"]
[PlyCount "119"]
[EventDate "2022.12.26"]

1. e4 e5 2. Nc3 Nf6 3. Nf3 Nc6 4. Bb5 Nd4 5. Ba4 Bc5 6. Nxe5 Qe7 7. Nd3 b5 8.
Nxc5 Qxc5 9. Bb3 a5 10. a3 Ba6 11. d3 Nxb3 12. cxb3 b4 13. axb4 axb4 14. Ne2
O-O 15. O-O Qd6 16. Nf4 g5 17. Nh5 Nxh5 18. Qxh5 f6 19. Rd1 Kg7 20. Be3 Rfe8
21. Rac1 Qe5 22. Rd2 Rab8 23. Qd1 c6 24. f3 Qe6 25. Rc5 Rb7 26. h4 h6 27. f4
gxf4 28. Bxf4 d5 29. Qh5 Rh8 30. exd5 cxd5 31. Rxd5 Rd7 32. Rxd7+ Qxd7 33. d4
Qb5 34. Qxb5 Bxb5 35. Bd6 Bc6 36. d5 Bd7 37. Bxb4 Rb8 38. Bc3 Rxb3 39. Kf2 Kg6
40. Rd4 h5 41. Ke3 Rb5 42. Kd3 Bg4 43. d6 Bd7 44. Kc4 Rf5 45. Re4 Bb5+ 46. Kb4
Bc6 47. Re7 Bxg2 48. d7 Rd5 49. Kc4 f5 50. Ba5 f4 51. d8=Q Rxd8 52. Bxd8 f3 53.
Bb6 Kf5 54. Bf2 Kg4 55. Kd4 Bf1 56. Ke3 Be2 57. Rf7 Bd1 58. Rf4+ Kh3 59. Rf5
Kg4 60. Rg5+ 1-0

[Event "34.Festival - Magistrale"]
[Site "Robecchetto con Induno ITA"]
[Date "2022.12.29"]
[Round "6.2"]
[White "Kalosha, Zhiulien Oleksii"]
[Black "Angelini, Marco"]
[Result "1-0"]
[WhiteElo "2011"]
[BlackElo "2212"]
[PlyCount "135"]
[EventDate "2022.12.26"]

1. e4 g6 2. d4 Bg7 3. Nc3 a6 4. Be3 d6 5. Qd2 Nd7 6. O-O-O b5 7. Kb1 Bb7 8. f3
Rc8 9. g4 h5 10. gxh5 Rxh5 11. d5 c6 12. dxc6 Bxc6 13. Nce2 Nb6 14. Ng3 Rh7 15.
Bd4 Bxd4 16. Qxd4 Qc7 17. Bd3 Nf6 18. N1e2 Qb7 19. h4 Nbd7 20. Qe3 Kd8 21. Nd4
Qb6 22. Nxc6+ Rxc6 23. Qe2 Rc5 24. f4 Nh5 25. Nxh5 Rcxh5 26. Qe1 Ke8 27. e5
dxe5 28. Be2 R5h6 29. Qd2 Qc7 30. fxe5 Nxe5 31. Qd5 Qb8 32. Qe4 Kf8 33. Rd5 f6
34. Qd4 Kg7 35. h5 Rh8 36. Rg1 Qc7 37. Rc5 Qb6 38. Qe3 Qd6 39. Rd1 Qe6 40. Qe4
Rc8 41. Rcd5 Qf5 42. Qe3 Qxc2+ 43. Ka1 Qc7 44. a3 Rb8 45. Rd7 Qb6 46. Rxe7+ Kf8
47. Rxe5 Qxe3 48. Rxe3 gxh5 49. Rh1 h4 50. Bg4 Rd8 51. Ka2 Rd4 52. Bf5 a5 53.
Rhe1 Rd8 54. Kb3 Rh5 55. Be6 Kg7 56. Bh3 Kg6 57. Rf1 Rhd5 58. Rg1+ Rg5 59. Rf1
Rgd5 60. Ref3 R8d6 61. Bf5+ Kh5 62. Rg1 Rd4 63. Bg6+ Kh6 64. Bc2 R4d5 65. Rg6+
Kh5 66. Rgxf6 Rxf6 67. Rxf6 h3 68. Rf5+ 1-0

[Event "34.Festival - Magistrale"]
[Site "Robecchetto con Induno ITA"]
[Date "2022.12.29"]
[Round "6.3"]
[White "Shatil, Shir"]
[Black "Morello, Alessio"]
[Result "1/2-1/2"]
[WhiteElo "2051"]
[BlackElo "1981"]
[PlyCount "36"]
[EventDate "2022.12.26"]

1. d4 e6 2. c4 f5 3. g3 Nf6 4. Bg2 Be7 5. Nh3 O-O 6. O-O d6 7. Nc3 e5 8. e4
exd4 9. Qxd4 Nc6 10. Qd1 fxe4 11. Nxe4 Nxe4 12. Bxe4 Bxh3 13. Qh5 g6 14. Qxh3
Bf6 15. Rb1 Rb8 16. Be3 Nd4 17. Qg4 Qc8 18. Qd1 c5 1/2-1/2

[Event "34.Festival - Magistrale"]
[Site "Robecchetto con Induno ITA"]
[Date "2022.12.29"]
[Round "6.4"]
[White "Lazic, Miroljub"]
[Black "Gonella, Daniele"]
[Result "1-0"]
[WhiteElo "2320"]
[BlackElo "2084"]
[PlyCount "79"]
[EventDate "2022.12.26"]

1. Nf3 c5 2. b3 d5 3. e3 Nf6 4. Bb2 Nc6 5. Bb5 Bd7 6. O-O e6 7. c4 Be7 8. cxd5
exd5 9. d4 O-O 10. dxc5 Bxc5 11. Nc3 Bg4 12. Na4 Be7 13. Be2 Ne4 14. Nd4 Bd7
15. Nxc6 bxc6 16. Nc3 f5 17. Nxe4 fxe4 18. Rc1 Bd6 19. Bg4 Qh4 20. h3 Be8 21.
f4 exf3 22. Rxf3 Rxf3 23. Bxf3 Qg5 24. Qd4 Bd7 25. h4 Qg3 26. Bxd5+ Kh8 27. Bf3
Rf8 28. Rd1 Qh2+ 29. Kf2 Rxf3+ 30. Kxf3 Qg3+ 31. Ke2 Bg4+ 32. Kd2 Qxg2+ 33. Kc3
Bxd1 34. Qxd6 Qc2+ 35. Kb4 Kg8 36. Qe7 Qg6 37. Qd8+ Kf7 38. Qd7+ Kf8 39. Qxd1
Qe6 40. Qd8+ 1-0

[Event "34.Festival - Magistrale"]
[Site "Robecchetto con Induno ITA"]
[Date "2022.12.29"]
[Round "6.6"]
[White "Fassio, Luca"]
[Black "Valtemara, Mattia Angelo"]
[Result "1/2-1/2"]
[WhiteElo "2010"]
[BlackElo "2018"]
[PlyCount "97"]
[EventDate "2022.12.26"]

1. e4 c6 2. d4 d5 3. exd5 cxd5 4. c4 Nf6 5. Nc3 g6 6. Qb3 Bg7 7. cxd5 O-O 8.
Be2 Na6 9. Bf3 Qb6 10. Qxb6 axb6 11. Nge2 Nb4 12. O-O Rd8 13. Bg5 Nbxd5 14.
Nxd5 Nxd5 15. Bxd5 Rxd5 16. Bxe7 Be6 17. Bb4 Bxd4 18. Nxd4 Rxd4 19. a3 f5 20.
Rfe1 Kf7 21. f3 Re8 22. Rac1 Rd7 23. Re5 Bd5 24. Rxe8 Kxe8 25. Kf2 Bc6 26. Re1+
Kf7 27. h4 h6 28. Re5 f4 29. Ke2 Kf6 30. Bc3 Re7 31. Rxe7+ Kxe7 32. Bg7 h5 33.
Bh6 Ke6 34. Bxf4 b5 35. Ke3 b4 36. axb4 b5 37. g4 hxg4 38. fxg4 Bg2 39. Bh6 Kf7
40. Kf4 Bf1 41. Bg5 Be2 42. Bd8 Kg7 43. Kg5 Kf7 44. Bb6 Bd1 45. Bd4 Be2 46. h5
gxh5 47. gxh5 Bd3 48. Kh6 Bc2 49. Kg5 1/2-1/2

[Event "34.Festival - Magistrale"]
[Site "Robecchetto con Induno ITA"]
[Date "2022.12.29"]
[Round "6.7"]
[White "Covello, Danilo"]
[Black "Di, Chiara Mauro"]
[Result "1-0"]
[WhiteElo "2073"]
[BlackElo "1874"]
[PlyCount "109"]
[EventDate "2022.12.26"]

1. d4 Nf6 2. Bg5 c5 3. d5 Ne4 4. Bf4 d6 5. f3 Qa5+ 6. c3 Nf6 7. e4 g6 8. Na3
Bg7 9. Nc4 Qd8 10. a4 O-O 11. Qd2 Nbd7 12. Ne2 Nb6 13. Ng3 Nxc4 14. Bxc4 Nd7
15. O-O Ne5 16. Be2 Bd7 17. Bh6 f5 18. Bxg7 Kxg7 19. f4 Nf7 20. exf5 Bxf5 21.
Nxf5+ gxf5 22. Bd3 Nh6 23. Rae1 Rf7 24. Re6 Qb6 25. Kh1 Ng4 26. Qe2 Kf8 27. c4
Re8 28. h3 Nf6 29. Kh2 Qb3 30. Bxf5 Qxa4 31. g4 Qb4 32. Bd3 b5 33. Kg3 bxc4 34.
Bxc4 Rb8 35. b3 a5 36. g5 Ng8 37. Re3 a4 38. Ra1 a3 39. h4 Kg7 40. Rf1 Rbf8 41.
Rf2 Rf5 42. Kg4 e5 43. dxe6 d5 44. e7 Nxe7 45. Rxe7+ Kh8 46. Rxh7+ Kxh7 47. Bd3
Qc3 48. Bxf5+ Kg7 49. h5 a2 50. h6+ Kh8 51. Qxa2 Rxf5 52. Kxf5 Qh3+ 53. Kf6
Qc3+ 54. Kg6 Qd3+ 55. f5 1-0

[Event "34.Festival - Magistrale"]
[Site "Robecchetto con Induno ITA"]
[Date "2022.12.29"]
[Round "6.8"]
[White "Shatil, Or"]
[Black "Volpi, Davide"]
[Result "1-0"]
[WhiteElo "1779"]
[BlackElo "1941"]
[PlyCount "53"]
[EventDate "2022.12.26"]

1. b3 e5 2. Bb2 Nc6 3. e3 d6 4. Nf3 Nf6 5. d4 exd4 6. Nxd4 Bd7 7. Bb5 Nxd4 8.
Bxd7+ Qxd7 9. Qxd4 Be7 10. Nc3 a6 11. O-O Qc6 12. e4 O-O-O 13. Nd5 Rhe8 14. f3
Kb8 15. c4 Qd7 16. Nxe7 Qxe7 17. Rfd1 Rg8 18. b4 Nd7 19. b5 axb5 20. cxb5 g5
21. Rac1 Rde8 22. Qc3 Nc5 23. e5 Na4 24. Qa5 Nxb2 25. exd6 Qe3+ 26. Kh1 Qa7 27.
dxc7+ 1-0

[Event "34.Festival - Magistrale"]
[Site "Robecchetto con Induno ITA"]
[Date "2022.12.29"]
[Round "6.9"]
[White "Barlocco, Carlo"]
[Black "Elitropi, Giorgio"]
[Result "1-0"]
[WhiteElo "1888"]
[BlackElo "1924"]
[PlyCount "71"]
[EventDate "2022.12.26"]

1. b3 e6 2. Bb2 d5 3. e3 f5 4. f4 Nf6 5. Nf3 Bd6 6. Be2 O-O 7. O-O Qe7 8. d3 b6
9. Ne5 Bb7 10. Nd2 Bc5 11. d4 Bd6 12. g4 g6 13. Qe1 Ne4 14. Nxe4 fxe4 15. g5
Bxe5 16. dxe5 Rd8 17. h4 Nd7 18. h5 Nf8 19. h6 a6 20. a4 a5 21. Qc3 Qc5 22.
Qxc5 bxc5 23. Rfd1 c4 24. bxc4 dxc4 25. Bxc4 Kf7 26. Bc3 Bd5 27. Be2 Ke8 28.
Rd2 Nd7 29. Rad1 Nb6 30. Bd4 Bc6 31. Bxb6 cxb6 32. Rxd8+ Rxd8 33. Rxd8+ Kxd8
34. Kf2 Kc7 35. Ke1 Bd5 36. Bh5 1-0

[Event "34.Festival - Magistrale"]
[Site "Robecchetto con Induno ITA"]
[Date "2022.12.29"]
[Round "6.10"]
[White "Zacco, Remo"]
[Black "Zanetti, Alberto"]
[Result "0-1"]
[WhiteElo "1889"]
[BlackElo "1938"]
[PlyCount "130"]
[EventDate "2022.12.26"]

1. e4 c5 2. Nf3 e6 3. c4 a6 4. Nc3 d6 5. d4 cxd4 6. Nxd4 Nf6 7. Be2 Qc7 8. O-O
Be7 9. Be3 b6 10. Rc1 Bb7 11. f3 O-O 12. Qe1 Nbd7 13. Qf2 Rac8 14. b3 Rfe8 15.
Bd3 Bf8 16. Nde2 Ba8 17. Bb1 Qb7 18. Rcd1 b5 19. cxb5 axb5 20. Bd3 b4 21. Na4
d5 22. Ng3 Ne5 23. Bb1 Ned7 24. Rc1 Rxc1 25. Rxc1 Rc8 26. Qd2 Rxc1+ 27. Qxc1
Qc6 28. Qd2 Bb7 29. Bd4 e5 30. exd5 Qxd5 31. Be3 g6 32. Qe2 Nc5 33. Nxc5 Bxc5
34. Bd3 Kf8 35. h3 h5 36. Bf2 Qd6 37. Kf1 Bxf2 38. Kxf2 Qd4+ 39. Kf1 Nd5 40.
Ne4 Nf4 41. Qc2 Qxd3+ 42. Qxd3 Nxd3 43. Nd6 Bd5 44. Nb5 Nc1 45. a4 bxa3 46.
Nxa3 Nxb3 47. Ke2 Ke7 48. Ke3 f5 49. g3 Nc5 50. h4 Ne6 51. Nb5 Bc6 52. Na3 Kf6
53. Nc4 f4+ 54. Kf2 Nd4 55. gxf4 exf4 56. Nd2 Nf5 57. Kg2 Nxh4+ 58. Kh3 Nxf3
59. Nb3 g5 60. Nc5 Kf5 61. Nb3 g4+ 62. Kg2 Nd4+ 63. Kh2 Nxb3 64. Kg1 g3 65. Kf1
h4 0-1

[Event "34.Festival - Magistrale"]
[Site "Robecchetto con Induno ITA"]
[Date "2022.12.29"]
[Round "6.11"]
[White "Ranfagni, Stefano"]
[Black "Ambrosini, Andrea"]
[Result "0-1"]
[WhiteElo "1934"]
[BlackElo "1827"]
[PlyCount "62"]
[EventDate "2022.12.26"]

1. e4 e5 2. Nf3 Nc6 3. Bb5 a6 4. Ba4 b5 5. Bb3 Bc5 6. O-O d6 7. c3 Nf6 8. Qe2
O-O 9. d3 h6 10. Be3 Ba7 11. Nbd2 Ne7 12. a4 bxa4 13. Bxa4 c5 14. h3 Ng6 15.
Bc6 Rb8 16. b4 Qc7 17. Ba4 cxb4 18. cxb4 Bxe3 19. fxe3 Rxb4 20. Rfc1 Qa7 21.
Nc4 Rd8 22. Nxd6 Bxh3 23. Nc4 Nf4 24. Qd2 Rxc4 25. Rxc4 Rxd3 26. Qf2 Ng4 27.
Qe1 Nxe3 28. Kh2 Nxc4 29. Bb5 Bxg2 30. Ng1 Re3 31. Qc1 Qe7 0-1